| 000 | 00750cam a22002174a 4500 | ||
|---|---|---|---|
| 999 |
_c7777 _d7777 |
||
| 003 | OSt | ||
| 005 | 20200521110110.0 | ||
| 008 | 011219s2002 nyua b 001 0 eng | ||
| 020 | _a9780500341872 | ||
| 082 | _a720.92ROB | ||
| 100 | 1 | _aRobson, David G. | |
| 245 | 1 | 0 |
_aGeoffrey Bawa : _bthe complete works / _cDavid Robson. |
| 260 |
_aNew York, N.Y. : _bThames & Hudson, _c2002. |
||
| 300 |
_a278 p. : _bill. (some col.) ; _c29 cm. |
||
| 504 | _aIncludes bibliographical references (p. 271-272) and index. | ||
| 600 | 1 | 0 |
_aBawa, Geoffrey, _d1919-2003 _xCriticism and interpretation. |
| 650 | 0 |
_aArchitecture _zSri Lanka _xHistory _y20th century. |
|
| 650 | 0 |
_aVernacular architecture _xInfluence. |
|
| 700 | 1 |
_aBawa, Geoffrey, _d1919-2003. |
|
| 942 | _2ddc | ||